000 00509nam a2200157Ia 4500
008 151213s9999 xx 000 0 und d
100 _aমো: শামছুর রহমান।
245 _aমেধাভিত্তিক সম্পত্তি আইন
_cমো: শামছুর রহমান।
250 _a1st
260 _aDhaka
_bRomana Haque
_c2004
300 _a4633 p.
650 _aLaw
650 _aLaw
700 _aমো: শামছুর রহমান।
999 _c2983
_d2983